| 000 | 00963nam a2200277 a 4500 | ||
|---|---|---|---|
| 003 | DO-SdBNP | ||
| 005 | 20240829113922.0 | ||
| 007 | ta | ||
| 008 | 190314s2022 d 000 spa d | ||
| 020 | _a9789945616675 | ||
| 040 |
_aDO-SdBNP _bspa _cBNPHU |
||
| 082 |
_axxx _bV145h |
||
| 100 | 1 |
_aValdés, Julián _974374 |
|
| 245 | 1 | 0 |
_aHaciendo realidad un sueño : _bla educación superior de los dominicanos en la CNY / _cJulián A. Valdés Ramírez ; prólogo Pablo Ulloa |
| 260 |
_aSanto Domingo : _bFUNGLODE, _c2022. |
||
| 300 |
_a82 p. ; _bgraf. _c23 cm. |
||
| 490 | 1 | _aEducación ; | |
| 500 | _aIncluye datos biográficos el autor en la solapa de la cubierta | ||
| 500 | _aIncluye notas y bibliografías a pie de paginas. | ||
| 504 | _aBibliografía p: 79-82 | ||
| 590 | _aInventariado, 2022/ YL | ||
| 700 | 1 | 2 |
_aUlloa, Pablo _eprol. _982840 |
| 710 | 2 |
_aFundación Global Democracía y Desarrollo _925477 |
|
| 910 | _aYLockward | ||
| 942 |
_2ddc _cLBS1 |
||
| 999 |
_c52968 _d52968 |
||